Review of medical physiology

Guardat en:
Dades bibliogràfiques
Autor principal: Ganong, William Francis
Format: Llibre
Idioma:espanyol
Publicat: Los Altos Lange Medical 1965
Edició:Segunda edición
Matèries:
Etiquetes: Afegir etiqueta
Sense etiquetes, Sigues el primer a etiquetar aquest registre!

MARC

LEADER 00000nam a2200000 a 4500
001 UCT5288
003 CL-VaPUC
005 20231110153324.0
008 961205e19650000US |||||||||||||||||spa|d
999 |c 312156  |d 312154 
040 |c Pontificia Universidad Católica de Valparaíso 
082 0 4 |a 612 GAN 1965  |2 21 
100 |a Ganong, William Francis  |9 574663 
245 1 0 |a Review of medical physiology 
250 |a Segunda edición 
260 0 3 |a Los Altos  |b Lange Medical  |c 1965 
300 |a 610 páginas 
583 |a last modification  |c 19961205 00:00:00  |k Rodrigo Vera 
650 7 |a FISIOLOGIA  |2 CL-VaPUC  |9 490648 
650 0 |a Sistema nervioso  |9 266815 
650 0 |a Respiración   |9 343794 
650 7 |a ORINA  |2 CL-VaPUC  |9 375085 
650 0 |a Endocrinología  |9 335883 
650 0 |a Células   |9 269548 
650 7 |a CIRCULACION SANGUINEA  |2 CL-VaPUC  |9 344736 
650 0 |a Sangre  |9 344737 
650 0 |a Corazón  |9 343795 
942 |c BK  |2 ddc 
945 |d 19961205 00:00:00  |a lriquelm 
952 |0 0  |1 0  |2 ddc  |4 0  |6 612_000000000000000_GAN_1965  |7 0  |8 A  |9 382051  |a BIBCUR  |b BIBCUR  |d 2019-11-21  |i 2895242  |o 612 GAN 1965  |p 2895242  |r 2025-04-22  |t 1  |w 2019-11-21  |y BK  |k BIO